| 000 | 01018cam a22002891i 4500 | ||
|---|---|---|---|
| 003 | SA-RiAUC | ||
| 005 | 20250101073309.0 | ||
| 008 | 241216s1991 cy g b 001 0cara c | ||
| 020 | _a1855131900 | ||
| 040 |
_aKW-ShULA _bara _cSA-RiAUC _erda |
||
| 082 | 0 | 4 |
_a920.009 _qSA-RiAUC |
| 090 |
_a920.009 _bب ص ر |
||
| 100 | 1 |
_aبصري، مير، _d1911-2005 _eمؤلف. |
|
| 245 | 1 | 0 |
_aأعلام الكرد / _cمير بصري. |
| 250 | _aالطبعة الأولى. | ||
| 264 | 1 |
_aنيقوسيا ؛ _aلندن : _bرياض الريس للكتب والنشر، _c1991 |
|
| 300 |
_a311 صفحة ؛ _c24 سم |
||
| 336 |
_aنص _btxt _2rdacontent _3كتاب |
||
| 337 |
_aبدون وسيط _bn _2rdamedia |
||
| 338 |
_aمجلد _bnc _2rdacarrier |
||
| 500 | _aكشافات : صفحة 301-311. | ||
| 504 | _aببليوجرافية : صفحة 299-300. | ||
| 650 | 7 |
_aالأكراد _vتراجم _2aucsh |
|
| 650 | 7 |
_aالأكراد _xتاريخ _2aucsh |
|
| 942 |
_2ddc _cBOOK _n0 |
||
| 949 |
_aSA-JeALM _d241216 _uosman123 _n1 |
||
| 999 |
_c4258 _d4258 |
||